1053 1579 1755 1712 1216 1966 1428 1417 1346 1384 1315 1973 1084 1061 1137 1472 1402 1702 1641 1306 1671 1296 1083 1253 1471 1936 1986 1665 1362 1863 1778 1691 1385 1336 1807 1883 1915 1575 1891 1427 1466 1147 1271 1521 1540 1134 1718 1496 1217 1129 1475 1501 1190 1387 1906 1442 1177 1823 1403 1083 1727 1259 1042 1548 1588 1284 1690 1453 1862 1961 1654 1139 1994 1281 1306 1339 1582 1477 1355 1884 1704 1006 1954 1272 1299 1583 1637 1786 1684 1026 1431 1022 1965 1638 1526 1263 1689 1622 1729 BCNSPRNW ULIB Ver.6.0+V

เปลี่ยนเป็นภาษาไทย

Change to English
 แสดงรายละเอียดบรรณานุกรม
  กลับหน้าหลัก

Brief Record : Get Marc (ISO 2709) : E-mail record : QR code < ปิดหน้าต่าง
LEADER : 00000nam 2200000uu 4500
001    13399124655
003     ULIB
008    151116s2002||||th 000 0 eng d
020    ^a9740426549
099    ^aวพ.QZ275^bS959F2
100 0  ^aSupawan Pimpayorm
245 10 ^aFactors related to fatigue in leukemic children receiving chemotherapy =^bปัจจัยที่เกี่ยวข้องกับความอ่อนล้าของเด็กป่วยโรคมะเร็งเม็ดเลือดขาวที่ได้รับการรักษาด้วยเคมีบำบัด /^cSupawan Pimpayorm
246 31 ^aปัจจัยที่เกี่ยวข้องกับความอ่อนล้าของเด็กป่วยโรคมะเร็งเม็ดเลือดขาวที่ได้รับการรักษาด้วยเคมีบำบัด
260    ^aBangkok :^bMahidol University,^c2002
300    ^aix, 107 leaves ;^c30 cm.
500    ^aSend to Single Search
502    ^aThesis (M.N.S. (Pediatric Nursing))--Mahidol University,2002
610 20 ^aMahidol University^xDissertations
610 20 ^aMahidol University. ^bFaculty of Medicine RamathibodiHospital^xDissertations
650  2 ^aDrug Therapy
650  2 ^aFatigue
650  2 ^aLeukemia^xdrug therapy
650  2 ^aLeukemia^xin infancy & childhood
691    ^aM.N.S. (2002)
692    ^aPediatric Nursing (Mahidol University 2002)
700 0  ^aWilai Leesuwan,^eths.
700 0  ^aAutchareeya Patoomwan,^eths.
710 2  ^aMahidol University
710 2  ^aMahidol University. ^bFaculty of Medicine RamathibodiHospital
710 22 ^aMahidol University.^tThesis
710 22 ^aมหาวิทยาลัยมหิดล.^tวิทยานิพนธ์
945    ^p0^l0^i000194
999    ^aเกษร โพธิ์สุวรรณ
รายการนี้ยังไม่มีแท็ก
คุณยังไม่ได้ล็อกอิน คุณสามารถมีกิจกรรมร่วมกับเว็บไซต์ได้ แต่ต้องล็อกอินก่อน ::
  ล็อกอิน

รายการสื่อสารสนเทศ

ลำดับที่ ประเภท เลขเรียก/บาร์โค้ด สถานที่ สถานะ
1. วิทยานิพนธ์
วิทยานิพนธ์
วพ.QZ275 S959F2 ฉ.1 
  Barcode: 000194
ห้องสมุดวิทยาเขตสวรรค์ประชารักษ์
►วิจัย
บนชั้น

รายการใกล้เคียง
    หัวเรื่อง [Drug Therapy]
    หัวเรื่อง [Fatigue]

BibComment


ยังไม่เคยถูกคอมเมนท์

คอมเมนท์ทรัพยากรรายการนี้
  คอมเมนท์: Factors related ..


 Copyright 2026. Bcnsprnw @Library